| 000 | 01298nam a22002535i 4500 | ||
|---|---|---|---|
| 001 | 161799 | ||
| 003 | ES-MaACL | ||
| 005 | 20251120063146.0 | ||
| 008 | 010214s1787 sp |||| | spa d | ||
| 040 |
_aCCPB | B _bspa _cCCPB | B |
||
| 100 | 1 |
_aPérez de Oliva, Fernán, _d1494-1531 _990800 |
|
| 245 | 1 | 4 |
_aLas obras de maestro Fernan Perez de Oliva ... y juntamente quince Discursos ... / _ccompuestos por ... Ambrosio de Morales ... ; La Devisa que hizo para el Señor D. Juan de Austria ; la Tabla de Cebes que trasladó de griego en Castellano ... . Y un discurso del Lic. Pedro de Valles ... tomo segundo. |
| 250 |
_aDalas a la luz en esta segunda edición _bD.A.V.C. |
||
| 260 |
_aEn Madrid : _ben la imprenta de Benito Cano : _bse hallará en las librerías de D. Antonio del Castillo ... y en la de D. Valentín Frances ..., _c1787. |
||
| 300 |
_a[10], 386 p. ; _c16 cm. |
||
| 530 | _aDisponible en formato digital. | ||
| 597 | 1 | _aSign.: []5, A-2A8, 2B1. | |
| 700 | 1 | 1 |
_aMorales, Ambrosio de, _d1513-1591 _982970 |
| 700 | 1 | 1 |
_aValles, Pedro de. _9133522 |
| 852 |
_aES-MaACL _jR-534 _z-- Enc. pasta española _x Olim: G-517 |
||
| 856 |
_uhttp://bdh-rd.bne.es/viewer.vm?id=0000144496&page=1 _zBiblioteca Digital Hispánica |
||
| 942 | _2udc | ||
| 999 |
_c161799 _d161799 |
||